[Event "Regionalliga SW 0203"]
[Site "Bayern"]
[Date "2002.11.17"]
[Round "2.4"]
[White "Warisch, Wolfgang"]
[Black "Fischer, Manfred2222"]
[Result "0-1"]
[WhiteElo "1994"]
[BlackElo "2106"]
[PlyCount "74"]
[EventDate "2002.10.20"]
[EventType "team"]
[EventRounds "9"]
[EventCountry "GER"]
[SourceTitle "EXT 2004"]
[Source "ChessBase"]
[SourceDate "2003.11.25"]
[SourceVersion "1"]
[SourceVersionDate "2003.11.25"]
[SourceQuality "1"]
[WhiteTeam "Bobingen"]
[BlackTeam "Tuerkheim"]
[WhiteTeamCountry "GER"]
[BlackTeamCountry "GER"]

1. c4 Nf6 2. Nc3 c5 3. g3 e6 4. Bg2 Be7 5. Nf3 d5 6. cxd5 exd5 7. d4 0-0 8. 0-0 Nc6 9. b3 Ne4 10. Bb2 Bf6 11. Nxe4 dxe4 12. Nd2 Bxd4 13. Bxd4 cxd4 14. Nxe4 Qe7 15. Rc1 Bg4 16. Re1 Rfd8 17. Qd2 h6 18. Qf4 Be6 19. Nc5 Bd5 20. e4 Be6 21. Nd3 Nb4 22. Qd2 a5 23. Nc5 Bc8 24. Bf1 b6 25. Nd3 Bb7 26. f3 Nc6 27. Qf4 Rac8 28. Rc2 g5 29. Qc1 Rd6 30. Bh3 Rcd8 31. f4 gxf4 32. Nxf4 d3 33. Rd2 Ne5 34. Nd5 Bxd5 35. exd5 Nf3+ 36. Kf2 Nxe1 37. Qxe1 Rf6+ 0-1

[Event "Augsburg Afro op"]
[Site "Augsburg"]
[Date "1998.??.??"]
[Round "5"]
[White "Osmani, Remzi"]
[Black "Warisch, Wolfgang"]
[Result "0-1"]
[WhiteElo "2045"]
[BlackElo "1825"]
[PlyCount "74"]
[EventDate "1998.??.??"]
[EventType "swiss"]
[EventRounds "7"]
[EventCountry "GER"]
[SourceTitle "EXT 2004"]
[Source "ChessBase"]
[SourceDate "2003.11.25"]
[SourceVersion "1"]
[SourceVersionDate "2003.11.25"]
[SourceQuality "1"]

1. e4 d5 2. exd5 Qxd5 3. d4 e5 4. dxe5 Qxd1+ 5. Kxd1 Bc5 6. f4 Nc6 7. c3 Bf5 8. Bc4 0-0-0+ 9. Ke2 f6 10. b4 Nxb4 11. cxb4 Bd4 12. Nd2 Bxa1 13. Ngf3 Bc3 14. a3 fxe5 15. Nxe5 Nf6 16. Ndf3 Rhe8 17. Be3 Ng4 18. Nxg4 Bxg4 19. h3 Rd2+ 20. Kf1 Rd1+ 21. Kf2 Rxh1 22. hxg4 Ra1 23. Nd4 Bxd4 24. Bxd4 Rxa3 25. Bxg7 Re4 26. Bd5 Rxf4+ 27. Bf3 Rxb4 28. Kg3 Rxf3+ 29. gxf3 Kd7 30. f4 Ke6 31. Be5 c5 32. Kh4 c4 33. Kg5 Rb3 34. Bd4 a5 35. Kh6 Kf7 36. f5 Rh3+ 37. Kg5 c3 0-1

[Event "Augsburg Afro op"]
[Site "Augsburg"]
[Date "1997.??.??"]
[Round "4"]
[White "Locher, Klaus"]
[Black "Warisch, Wolfgang"]
[Result "1/2-1/2"]
[WhiteElo "1655"]
[BlackElo "1790"]
[PlyCount "95"]
[EventDate "1997.??.??"]
[EventType "swiss"]
[EventRounds "7"]
[EventCountry "GER"]
[SourceTitle "EXT 2006"]
[Source "ChessBase"]
[SourceDate "2005.11.24"]
[SourceVersion "1"]
[SourceVersionDate "2005.11.24"]
[SourceQuality "1"]

1. c4 Nf6 2. Nc3 g6 3. Nf3 Bg7 4. g3 d5 5. cxd5 Nxd5 6. Bg2 0-0 7. 0-0 c5 8. Qb3 Nxc3 9. dxc3 Nc6 10. Be3 b6 11. Rfd1 Qe8 12. Rd2 Na5 13. Qd5 Be6 14. Qe4 Nc4 15. Ng5 Nxd2 16. Qxa8 Qxa8 17. Bxa8 Rxa8 18. Bxd2 Bc4 19. Kf1 Rd8 20. Ke1 f6 21. Nh3 e5 22. e4 Kf7 23. f3 Rd6 24. b3 Ba6 25. c4 Ke6 26. Ke2 Rd7 27. Nf2 Bb7 28. Nd1 f5 29. Nc3 Bc6 30. Rd1 a6 31. a4 Rb7 32. Be3 Bd7 33. Rd3 Bf8 34. Nd5 Bc6 35. Bf2 Bh6 36. Nc3 Ke7 37. Nd5+ Ke6 38. exf5+ gxf5 39. Nc3 Bf8 40. Nd5 Bh6 41. Nc3 Bg5 42. Nd5 Bc1 43. Nc3 Bb2 44. Be1 Rd7 45. Rxd7 Kxd7 46. Bd2 Ke6 47. Kd3 h5 48. h3 1/2-1/2

[Event "Augsburg Afro op"]
[Site "Augsburg"]
[Date "1997.??.??"]
[Round "1"]
[White "Warisch, Wolfgang"]
[Black "Kekelidze, Mikheil"]
[Result "0-1"]
[WhiteElo "1790"]
[BlackElo "2400"]
[PlyCount "36"]
[EventDate "1997.??.??"]
[EventType "swiss"]
[EventRounds "7"]
[EventCountry "GER"]
[SourceTitle "EXT 2006"]
[Source "ChessBase"]
[SourceDate "2005.11.24"]
[SourceVersion "1"]
[SourceVersionDate "2005.11.24"]
[SourceQuality "1"]

1. d4 Nf6 2. c4 e6 3. g3 c5 4. Nf3 cxd4 5. Nxd4 Qc7 6. Qa4 Nc6 7. Nb5 Qb8 8. Bf4 e5 9. Bg5 a6 10. N5c3 b5 11. cxb5 axb5 12. Qd1 b4 13. Na4 Nd4 14. Nd2 Bb7 15. Nf3 Bxf3 16. exf3 b3 17. axb3 Bb4+ 18. Bd2 Bxd2+ 0-1